书目信息 |
| 题名: |
放射性核素活度测量的方法和技术
|
|
| 作者: | 古当长 著 | |
| 分册: | ||
| 出版信息: | 北京 科学出版社 1994 |
|
| 页数: | 364 | |
| 开本: | 20cm | |
| 丛书名: | ||
| 单 册: | ||
| 中图分类: | O615 | |
| 科图分类: | ||
| 主题词: | 无机化学 | |
| 电子资源: | ||
| ISBN: | 7-03-004317-0 | |
| 000 | 00550nam0 2200181 450 | |
| 001 | 0754114953 | |
| 005 | 20070929150154.95 | |
| 010 | @a7-03-004317-0 | |
| 100 | @a20070929d km y0chiy0120 ea | |
| 101 | 0 | @achi |
| 200 | 1 | @a放射性核素活度测量的方法和技术@Afang she xing he su huo du ce liang de fang fa he ji shu@f古当长 著@Fgu dang chang zhu |
| 210 | @a北京@c科学出版社@d1994 | |
| 215 | @a364@c插图@d20cm | |
| 606 | 0 | @a无机化学 |
| 690 | @aO615@v3 | |
| 701 | 0 | @a古当长@Agu dang chang@4著 |
| 801 | 0 | @aCN@bPFT@c20070929 |
| 905 | @a213230@dO615@eh40@f1 | |
| 放射性核素活度测量的方法和技术/古当长 著.-北京:科学出版社,1994 |
| 364:插图;20cm |
| ISBN 7-03-004317-0: |
| ● |
| 相关链接 |
|
|
|
|
正题名:放射性核素活度测量的方法和技术
索取号:O615/h40
 
预约/预借
| 序号 | 登录号 | 条形码 | 馆藏地/架位号 | 状态 | 备注 |
| 1 | 6001397 | 260013979 | 密集书库-化学系/ [索取号:O615/h40] | 在馆 | |
| 2 | 6001398 | 260013988 | 密集书库-化学系/ [索取号:O615/h40] | 在馆 |